Statistics for Countries Ronald Reagan visited

Click here to take the quiz!

General Stats

  • This quiz has been taken 30 times
  • The average score is 19 of 26

Answer Stats

Continent Country % Correct
North AmericaMexico
97%
EuropeFrance
97%
AsiaJapan
97%
North AmericaCanada
97%
EuropeWest Germany
93%
AsiaChina
93%
South AmericaBrazil
93%
EuropeSpain
90%
EuropeItaly
90%
EuropeUnited Kingdom
87%
EuropePortugal
83%
AsiaSouth Korea
80%
Asia/ EuropeSoviet Union
77%
South AmericaColombia
73%
EuropeBelgium
73%
North AmericaCosta Rica
70%
EuropeVatican City
67%
North AmericaHonduras
67%
EuropeIreland
60%
EuropeSwitzerland
57%
North AmericaGrenada
53%
North AmericaBarbados
53%
North AmericaJamaica
50%
EuropeFinland
50%
EuropeIceland
40%
AsiaIndonesia
33%

Score Distribution

Percentile by Number Answered

Percent of People with Each Score

Your Score History

You have not taken this quiz